000 02083nam0a2200421 4500
001 RU\NLR\bibl\569676
005 20260406063045.0
010 _a5-299-00269-6
_bв пер.
_93000
021 _aRU
_b2004-23946
_91211
035 _a(NLR Aleph) 000561748
035 _aRSL-KNO-002427461
090 _a1536870
_c1536870
100 _a20040427d2004 u y0rusy50 ca
101 0 _arus
102 _aRU
105 _aa |||||||||
106 _ar
200 1 _aВнутренние болезни
_eУчеб. для мед. вузов
_f[Р.А. Александрова, В.А. Алмазов, Е.И. Баранова и др.]
_gПод. ред. С.И. Рябова
205 _a3-е изд., испр. и доп.
210 _aСПб.
_cСпецЛит
_d2004
_eГП Техн. кн.
215 _a879 с.
_cил.
_d24
225 1 _aУчебник для медицинских вузов
300 _aАвт. указаны на обороте тит. л.
606 0 _aВнутренние болезни
_jРуководства, пособия и т.п.
_9953637
_3RU\NLR\auth\6636104
606 0 _aВнутренние болезни
_jУчебники для высших учебных заведений
_9953637
_3RU\NLR\auth\6636104
686 _aР41я73-1
_2rubbk
686 _aР41я73-1
701 1 _4070
_8rus
_7ca
_aАлександрова
_bР. А.
_cд-р мед. наук
_gРозалия Александровна
_3RU\NLR\auth\7768315
_951243
701 1 _4070
_8rus
_7ca
_aАлмазов
_bВ. А.
_f1931-2001
_gВладимир Андреевич
_3RU\NLR\auth\7713167
_9122868
701 1 _4070
_8rus
_7ca
_aБаранова
_bЕ. И.
_cд-р мед. наук
_gЕлена Ивановна
_3RU\NLR\auth\7743855
_926798
702 1 _4340
_8rus
_7ca
_aРябов
_bС. И.
_cд-р мед. наук, нефрология
_f1930-2018
_gСергей Иванович
_3RU\NLR\AUTH\7744962
_927901
801 0 _aRU
_bRuMoRKP
_c20040427
_gPSBO
801 1 _aRU
_bRuMoRGB
_c20040427
801 2 _aRU
_bNLR
_c20041102
_gPSBO
942 _cBOOK
980 _aNB